Southville International School and Colleges
Your cart is empty.
  • Cart
  • Lists
    Public lists list_1 View all
    Your lists Log in to create your own lists
  • Log in to your account
  • Your cookies
  • Search history
Southville International School and Colleges
  • Advanced search
  • Recent comments
  • Most popular
  • Libraries

Log in to your account

Log in with GOOGLE


If you do not have an external account, but do have a local account, you can still log in:

  1. Home
  2. MARC view: Managerial accounting /
Normal view MARC view ISBD view

Managerial accounting / (Record no. 361320)

[ view plain ]
MARC details
000 -LEADER
fixed length control field 00466nam a2200157Ia 4500
008 - FIXED-LENGTH DATA ELEMENTS--GENERAL INFORMATION
fixed length control field 190228s9999 xx 000 0 und d
020 ## - INTERNATIONAL STANDARD BOOK NUMBER
International Standard Book Number 9781259254987
100 ## - MAIN ENTRY--PERSONAL NAME
Personal name Whitecotton, Stacey.
245 ## - TITLE STATEMENT
Statement of responsibility, etc Stacey Whitecotton, Robert Libby, Fred Philips.--
Title Managerial accounting /
250 ## - EDITION STATEMENT
Edition statement 3rd ed
260 ## - PUBLICATION, DISTRIBUTION, ETC. (IMPRINT)
Place of publication, distribution, etc USA :
Name of publisher, distributor, etc McGraw-Hill
Date of publication, distribution, etc 2017
300 ## - PHYSICAL DESCRIPTION
Extent xxvi, 626 pages.
500 ## - GENERAL NOTE
General note Includes indexes.
650 ## - SUBJECT ADDED ENTRY--TOPICAL TERM
Topical term or geographic name as entry element Accounting.
650 ## - SUBJECT ADDED ENTRY--TOPICAL TERM
Topical term or geographic name as entry element Managerial accounting.
Holdings
Withdrawn status Lost status Damaged status Home library Current library Shelving location Date acquired Source of acquisition Total Checkouts Total Renewals Full call number Barcode Date last seen Date last borrowed Price effective from Koha item type
      College Library College Library Reserve Section 02/28/2019 Library Fund 2 2 HF 5657.4 .W495 2017 C21791 12/14/2020 11/16/2020 02/28/2019 Books

Managerial accounting /

APA

Whitecotton S., . (2017). Managerial accounting. USA: McGraw-Hill.

Chicago

Whitecotton Stacey, . 2017. Managerial accounting. USA: McGraw-Hill.

Harvard

Whitecotton S., . (2017). Managerial accounting. USA: McGraw-Hill.

MLA

Whitecotton Stacey, . Managerial accounting. USA: McGraw-Hill. 2017.

  • Place hold
  • Print
  • Cite
  • Add to your cart (remove)
  • Save record
    BIBTEX Dublin Core MARCXML MARC (non-Unicode/MARC-8) MARC (Unicode/UTF-8) MARC (Unicode/UTF-8, Standard) MODS (XML) RIS
  • More searches
    Search for this title in:
    Other Libraries (WorldCat) Other Databases (Google Scholar) Online Stores (Bookfinder.com) Open Library (openlibrary.org)

Exporting to Dublin Core...

SOUTHVILLE LIBRARY

Southville International School and Colleges Library

1281 Tropical Ave. Cor. Luxembourg St., BF Homes International, Las Pinas City

Tel. No. 8256374 / 252358 Loc. 117/146

Powered by Koha